La historia de Israel
Uloženo v:
| Hlavní autor: | |
|---|---|
| Médium: | Kniha |
| Jazyk: | španělština |
| Vydáno: |
Bilbao
Desclee de Brouwer
1993
|
| Vydání: | 13a. ed |
| Edice: | Temas Bíblicos
|
| Témata: | |
| Tagy: |
Přidat tag
Žádné tagy, Buďte první, kdo vytvoří štítek k tomuto záznamu!
|
MARC
| LEADER | 00000nam a2200000 a 4500 | ||
|---|---|---|---|
| 001 | UCO6764 | ||
| 003 | CL-VaPUC | ||
| 008 | 001027e19930000SP |||||||||||||||||spa|d | ||
| 082 | 0 | 4 | |a 933 |b BRI |2 21 |
| 100 | 0 | |a Bright, John |e author |9 451547 | |
| 245 | 1 | 3 | |a La historia de Israel |
| 250 | |a 13a. ed | ||
| 300 | |a 588 p | ||
| 942 | |c BK | ||
| 945 | |d 20001027 00:00:00 |a lriquelm | ||
| 260 | |a Bilbao |b Desclee de Brouwer |c 1993 | ||
| 500 | |a Contiene 16 láminas | ||
| 650 | 0 | |a Historia antigua |9 267521 | |
| 650 | 0 | |a Antiguo Oriente |9 438846 | |
| 650 | 7 | |a PATRIARCAS |2 CL-VaPUC |9 399850 | |
| 650 | 7 | |a EXODO |2 CL-VaPUC |9 320762 | |
| 650 | 0 | |a Monarquía |9 255259 | |
| 650 | 7 | |a REINO DE JERUSALEN |2 CL-VaPUC |9 451548 | |
| 650 | 0 | |a Judaísmo |9 269348 | |
| 651 | 0 | |a Israel |9 314378 | |
| 583 | |a last modification |c 20001027 00:00:00 |k Rodrigo Vera | ||
| 490 | 0 | |a Temas Bíblicos | |
| 999 | |c 292180 |d 292178 | ||
| 952 | |0 0 |1 0 |4 0 |6 933_000000000000000_BRI_1993 |7 0 |8 F |9 342842 |a BIBTEO |b BIBTEO |d 2019-11-20 |i 3647099 |l 1 |m 1 |o 933 BRI 1993 |p 3647099 |r 2025-01-17 |s 2022-12-02 |w 2019-11-20 |y BK_F |k ICR | ||